000 00292nam a22001337a 4500
008 170426b xxu||||| |||| 00| 0 eng d
020 _a9780534409340
041 _aeng
080 _26TH
_a547
100 _a12
101 _aSHM
245 _aORGANIC CHEMISTRY
_cMCMURRY, S
942 _2udc
_cBK
999 _c12076
_d12076